000 00413nam a2200181Ia 4500
005 20250603145915.0
008 250603s9999 xx 000 0 und d
020 _a9789785405644
050 _aKP 103 .T2/
100 _aAdewale Taiwo
245 4 _aThe Nigeria Land Law.
260 _a lkeja,Lagos.
260 _bPrinceton.
260 _c2016
300 _a344 p
650 _a lkeja,Lagos.
942 _cBK
999 _c43208
_d43208